Responses for show #7167 - Tuesday, November 10, 2015

2015 Tournament of Champions quarterfinal game 2.

Contestants

Kristin Sausville, a stay-at-home mom from Newark, Delaware

Brennan Bushee, a software developer from Malden, Massachusetts

Greg Seroka, a chef originally from Detroit, Michigan

Jeopardy! Round responses

MOONS OF THE SOLAR SYSTEM
OKLAHOMA!
THIS & THAT
COLORFUL LANGUAGE
JUST PASSING THROUGH
DIVINE COMEDIES
    $200 13
Mars

Kristin
    $200 2
Tulsa

Greg
    $200 12
temples

Brennan
    $200 10
the red carpet

Greg
    $200 22
diameter

Greg
    $200 26
Black-ish

Brennan
    $400 14
Europa

Brennan
    $400 6
the Sooner State

Greg
    $400 19
Robinson Crusoe

Kristin
    $400 4
a black box

Greg
    $400 21
rangers

Greg
    $400 27
Taxi

Kristin
    $600 15
Uranus

Brennan
    $2,400 8
(Brennan: What is Norman?)

Guthrie

Brennan
    $600 11
pets

Greg
    $600 1
pinkeye

Brennan
    $600 18
capillaries

Greg
    $600 28
New Girl

Greg
    $800 16
(Kristin: What is a comet?)

asteroid

BrennanKristin
    $800 7
a right-to-work act

Brennan
    $800 24
(John) Purdue

Greg
    $800 3
whitecaps

Greg
    $800 20
Greenwich

Greg
    $800 29
Arrested Development

Kristin
    $1000 17
Io

Kristin
    $1000 9
the buffalo (or the bison)

Triple Stumper
    $1000 25
(Greg: What is Buckingham Palace?)
(Brennan: What is Windsor Castle?)

the Tower of London

GregBrennan
Triple Stumper
    $1000 5
greenhorn

Brennan
    $1000 23
(Kristin: What is an aglet?)

eyelet

GregKristin
    $1000 30
Terry Crews

Greg

Scores at the first commercial break (after clue 15):

Greg Brennan Kristin
$2,600 $1,200 $200

Scores at the end of the Jeopardy! Round:

Greg Brennan Kristin
$7,000 $1,200 $1,000

Double Jeopardy! Round responses

NICKNAMES FOR FEMINISTS
SAME MOVIE & SONG TITLE
CITIES ON THE RIVER
(Alex: You have to identify the river.)
HOLIDAYS & OBSERVANCES
CRYPTIC CROSSWORD CLUES
DANTE'S DIVINE COMEDY
    $400 23
a dollar coin (a silver dollar accepted)

Greg
    $400 16
American Pie

Brennan
    $400 25
the Mekong

Kristin
    $400 17
St. Patrick's Day

Brennan
    $400 18
a piƱata

Kristin
    $400 26
Purgatory

Kristin
    $800 24
(Margaret) Sanger

Kristin
    $800 7
Black Swan

Kristin
    $800 2
the Ganges

Greg
    $800 15
Movember

Greg
    $800 19
mush

Brennan
    $800 27
Beatrice

Greg
    $1200 9
Victoria Woodhull

Triple Stumper
    $1200 3
Bad Boys

Greg
    $1200 1
the Amazon

Brennan
    $1200 12
bobbing for apples

Kristin
    $1200 20
(Alex: The masked individual is the [*]. At home plate.)

umpire

Triple Stumper
    $1200 28
cantos

Brennan
    $1600 10
Simone de Beauvoir

Triple Stumper
    $1600 4
Vertigo

Brennan
    $1600 5
the Saint Lawrence

Brennan
    $2,000 13
Bastille Day

Kristin
    $1600 21
a patdown

Brennan
    $1600 29
Virgil

Kristin
    $200 11
(Elizabeth Cady) Stanton

Kristin
    $2000 8
Boogie Nights

Kristin
    $2000 6
the Tagus

Greg
    $2000 14
Sadie Hawkins Day

Brennan
    $2000 22
Utopia

Kristin
    $2000 30
terza rima

Triple Stumper

Scores at the end of the Double Jeopardy! Round:

Greg Brennan Kristin
$13,000 $12,000 $12,800

Final Jeopardy! Round responses

INAUGURAL ADDRESSES
(Alex: [To Brennan] You thought of the Era of Good Feelings, did you?)
BrennanWho is James Monroe?
$6,000
KristinWho is Wilson?
$0
GregWho was FDR?
$1,500
James Monroe

Final scores:

Greg Brennan Kristin
$11,500 $18,000 $12,800
3rd place: $5,000 if eliminated Automatic semifinalist 2nd place: $5,000 if eliminated

Game dynamics:

Coryat scores:

Greg Brennan Kristin
$13,000 $14,400 $14,200
20 R,
1 W
17 R,
2 W
(including 1 DD)
16 R
(including 2 DDs),
2 W

Combined Coryat: $41,600

The J! Archive is created by fans, for fans. The Jeopardy! game show and all elements thereof, including but not limited to copyright and trademark thereto, are the property of Jeopardy Productions, Inc. and are protected under law. This website is not affiliated with, sponsored by, or operated by Jeopardy Productions, Inc. Join the discussion at JBoard.tv.